00750nam a22002051 450000100060000000300080000600500170001400800410003103500190007204000440009104100080013508200220014310000430016524501210020826000390032930000260036850000710039450400500046565000290051532354BD-RjUL20211209051825.0140426s1964 enk b 001 0 eng d a(BD-RjUL)32443 aDLCcMiRochOUdOCoLCdDLCdBD-RjULbeng aeng00a301.452bMIM 19641 aMisra, S. C.q(Satish Chandra),d1925-10aMuslim communities in Gujarat :bpreliminary studies in their history and social organization /cby Satish C. Misra. aLondon :bAsia Pub. House.cc1964. axvi, 207 p. ;c26 cm. aAt head of title: Dept. of History, the M.S. University of Baroda. aInclude Bibliography: p. [188]-192. and index 0aMuslimszIndiazGujarat.